00773nam a2200241 a 4500001001000000003000900010005001700019007001000036008004100046020001500087040002200102082002700124100002900151245006700180250001100247260005200258300002700310490003900337504002600376650004200402651004800444830003900492000007129DO-SdBNP20180321085904.0000007129090717s2006 dr a 000 0 spa d a9993485039 aBPMSUbspacBPMSU 4a923.27293bD812C, 20061 aCassá, Roberto,d1948-10aJuan Pablo Duarte :bel padre de la patria /cRoberto Cassá. a2a ed. aSanto Domingo :bTobogán,c2006eAlfa & Omega a55 p. :bil. ;c21 cm.0 aBiografías dominicanas Tobogán aBibliografía: p. 55 4aDUARTE Y DIEZ, JUAN PABLO,d1813-1876 4aREPÚBLICA DOMINICANAxHISTORIAy1844-1930 0aBiografías dominicanas Tobogán